000 00896nam a2200253Ia 4500
003 OSt
005 20220923215716.0
006 a|||||r|||| 00| 0
007 ta
008 220922b |||||||| |||| 00| 0 hin d
024 _a181,066
037 _cTextual
040 _aARTS
_cARTS
_bhin
041 _2hin
_ahin
082 _aO152,1N281x, N3
100 _aश्रीवास्तव, शिवकुमार
245 0 _aअरे यार सूरज (कविता संकलन)
246 _aAre yār sūraj (kavitā sankalana)
260 _aइलाहाबाद
_b सत्येन्द्र प्रकाशन
_c1993
300 _a96 पृ.
_ccm.
650 _aहिन्दी साहित्य
_9156264
942 _hO152,1N281x, N3
_cTEXL
_2CC
999 _c334444
_d334444